Culture Générale - Série 2463 - Statistiques

Statistiques générales
  • Ce quiz a été pris 227 fois
  • Le résultat moyen est 4 sur 10
Statistiques - réponses
Question Réponse % Correct
Projeter des choses irréalistes, c'est "tirer des plans sur la ... comète
93%
Dupond et Dupont sont des personnages fictifs des Aventures de Tintin par Hergé. Quelle particularité permet de les identifier ? moustache
70%
Quel est le surnom des membres de l'Académie française ? immortels
51%
Quel verbe familier de 6 lettres commençant par " c " signifie "dénoncer" ? cafter
50%
Quel est le deuxième plus grand oiseau volant du monde ? voir photo condor des Andes
45%
Quel est le plus grand oiseau volant du monde ? albatros hurleur
36%
Combien de membres compte l'Académie française ? 40
29%
L'expression "relax Max"a été popularisée par un animateur ,de 1972 à 1983, d'une émission célèbre à l'époque. Quel était le nom de cet animateur ? Meynier
8%
Quel mot de 10 lettres commençant par " c " est synonyme de : étiquette, règle, formalité, protocole ? cérémonial
7%
Dans une nouvelle des Lettres de mon moulin d'Alphonse Daudet, quel bateau est à l'agonie ? la Sémillante
5%
Aucun quiz correspondant
Distribution des résultats
% des personnes avec chaque résultat
Percentile par nombre de réponses
Votre historique - résultats
Vous n’avez pas pris ce quiz